The number Pi - General Knowledge - Statistics

General Stats
  • This quiz has been taken 15 times
  • The average score is 7 of 13
Answer Stats
Hint Answer % Correct
What are the first eight digits of π? 3.1415926
86%
Given a circle, then π is the circumference divided by the ... diameter
86%
π is an ______ number, meaning that it can't be expressed as a fraction of integers. irrational
79%
On which day do mathematicians celebrate π-day? March 14th
71%
Additionally, π is the area divided by the ... square of the radius
71%
What does e^(π*i)+1 equal to? 0
57%
How many degrees are π radians? 180
57%
Which famous physicist was born on π-day 1879? Albert Einstein
57%
Which famous physicist died on π-day 2018? Stephen Hawking
50%
π is a _______ number, meaning that it's not the solution of an integer polynomial equation. transcendental
21%
The above implies that it is literally impossible to solve this 2500-year-old geometric problem. Squaring the Circle
14%
What constant equal to 2*π would have been a better choice for a circle constant? Tau
14%
Where does the infinite sum 1/1-1/3+1/4-1/7+1/9... converge to? π/4
7%
No matching quizzes found
Score Distribution
Percent of People with Each Score
Percentile by Number Answered
Your Score History
You have not taken this quiz